تخطي إلى المحتوى
VuFind
اللغة
English
Deutsch
Español
Français
Italiano
日本語
Nederlands
Português
Português (Brasil)
中文(简体)
中文(繁體)
Türkçe
עברית
Gaeilge
Cymraeg
Ελληνικά
Català
Euskara
Русский
Čeština
Suomi
Svenska
polski
Dansk
slovenščina
اللغة العربية
বাংলা
Galego
Tiếng Việt
Hrvatski
हिंदी
كل الحقول
العنوان
المؤلف
الموضوع
رقم الطلب
ردمك/تدمد
الوسم
ابحث
بحث متقدم
بحث عن
Outlines of Biochemistry /
استشهد بهذا
أرسل هذا بالبريد الإلكتروني
طباعة
تصدير التسجيلة
تصدير إلى RefWorks
تصدير إلى EndNoteWeb
تصدير إلى EndNote
permanent_link
تحميل...
Outlines of Biochemistry /
other_versions_link
التفاصيل البيبلوغرافية
المؤلف الرئيسي:
Conn,, Eric
منشور في:
.
المقتنيات
الوصف
other_versions_title
مواد مشابهة
عرض للأخصائي
LEADER
00294cam a2200109ua 4500
100
0
|a
Conn,, Eric.
245
1
0
|a
Outlines of Biochemistry /
260
|c
.
300
|a
.
942
|c
BK
999
|c
19595
|d
19595
952
|0
0
|1
0
|4
0
|7
0
|9
20483
|a
KUCL
|b
KUCL
|d
2014-05-23
|l
0
|p
20435
|r
2017-02-13
|w
2014-05-23
|y
Molecular
|f
00000
مواد مشابهة
Outlines of biochemistry /
بواسطة: Conn, Eric E.
منشور في: (1995)
Outlines of biochemistry /
بواسطة: Conn, Eric E.
منشور في: (1971)
Outlines of biochemistry /
بواسطة: Conn, Eric E.
منشور في: (1976)
Outlines of biochemistry /
بواسطة: Conn, Eric E.
منشور في: (1987)
Outlines of biochemistry /
بواسطة: Conn, Eric E.
منشور في: (1976)
تحميل...